El Perfume (Registro nro. 25038)

Detalles MARC
000 -CABECERA
Longitud fija campo de control 00586nam a2200205 a 4500
003 - IDENTIFICADOR DELl NÚMERO DE CONTROL
Identificador del número de control OSt
005 - FECHA Y HORA DE LA ÚLTIMA TRANSACCIÓN
Fecha y hora de la última transacción 20160315110733.0
008 - CÓDIGOS DE INFORMACIÓN DE LONGITUD FIJA
Códigos de información de longitud fija 020226s1985 esp 001 spa d
020 ## - NÚMERO INTERNACIONAL NORMALIZADO PARA LIBROS
Número Internacional Normalizado para Libros (ISBN) 84-473-0001-3
040 ## - FUENTE DE LA CATALOGACIÓN
Centro transcriptor BMC
082 ## - NÚMERO DE LA CLASIFICACIÓN DECIMAL DEWEY
Númeroo de clasificación 833
100 1# - PUNTO DE ACCESO PRINCIPAL-NOMBRE DE PERSONA
Nombre de persona Süskind, Patrick
9 (RLIN) 32084
245 13 - MENCIÓN DE TÍTULO
Título El Perfume
Resto del título : historia de un asesino
Mención de responsabilidad, etc. Patrick Süskind ; traducción de, Pilar Giralt Gorina
260 ## - PUBLICACIÓN, DISTRIBUCIÓN, ETC. (PIE DE IMPRENTA)
Lugar de publicación, distribución, etc. Barcelona
Nombre del editor, distribuidor, etc. RBA
Fecha de publicación, distribución, etc. cop.1992
300 ## - DESCRIPCIÓN FÍSICA
Extensión 223 p.
Dimensiones 21 cm
490 ## - MENCIÓN DE SERIE
Mención de serie Narrativa actual
Designación de volumen o secuencia 2
650 24 - PUNTO DE ACCESO ADICIONAL DE MATERIA - TÉRMINO DE MATERIA
9 (RLIN) 29298
Término de materia o nombre geográfico como elemento inicial Novela alemana
700 1# - PUNTO DE ACCESO ADICIONAL - NOMBRE DE PERSONA
9 (RLIN) 22076
Nombre de persona Giralt Gorina, Pilar
942 ## - ENTRADA DE ELEMENTOS AGREGADOS (KOHA)
Fuente de clasificaión o esquema Dewey Decimal Classification
Koha [por defecto] tipo de item 1- Monografias
Existencias
Suprimido Perdido Fuente de clasificación o esquema Estropeado Restricciones de uso No para préstamo Código de colección Localización permanente Localización actual Localización en estanter&íacute;as Fecha adquisición Fuente de adquisición Número de inventario Préstamos totales Renovaciones totales Signatura completa Código de barras Fecha última consulta Fecha último préstamo Fecha del precio de reemplazo Tipo de item de Koha
NULL NULL Dewey Decimal Classification NULL Prestable NULL NULL Biblioteca Miguel de Cervantes - UNICAES Biblioteca Miguel de Cervantes - UNICAES Sala Principal 09/03/2016 Donación - AAPASA 032176 8 3 N SUS per 1036849 07/10/2024 01/10/2024 09/03/2016 1- Monografias